|
|
|
|
| LEADER |
01976nam a2200505 a 4500 |
| 001 |
nkc20112198532 |
| 003 |
CZ PrNK |
| 005 |
20230126235012.0 |
| 007 |
ta |
| 008 |
110620s2011 xr a e f 000 0 cze |
| 015 |
|
|
|a cnb002198532
|
| 020 |
|
|
|a 978-80-87067-26-0
|q (váz.)
|
| 035 |
|
|
|a (OCoLC)746837624
|
| 040 |
|
|
|a ABA001
|b cze
|
| 041 |
1 |
|
|a cze
|h fre
|
| 072 |
|
7 |
|a 615.8
|x Fyzioterapie. Psychoterapie. Alternativní lékařství
|2 Konspekt
|9 14
|
| 080 |
|
|
|a 615.8-022.214
|2 MRF
|
| 080 |
|
|
|a 615.851
|2 MRF
|
| 080 |
|
|
|a 613.86
|2 MRF
|
| 080 |
|
|
|a 616.895.4
|2 MRF
|
| 080 |
|
|
|a (0.062)
|2 MRF
|
| 100 |
1 |
|
|a Servan-Schreiber, David,
|d 1961-2011
|7 xx0030754
|4 aut
|
| 245 |
1 |
0 |
|a Uzdravení bez léků a bez lékařů :
|b jak zvítězit nad stresem, úzkostí a depresí bez farmakoterapie a psychoterapie /
|c David Servan-Schreiber ; [z francouzského originálu ... přeložila Hana Prousková]
|
| 246 |
1 |
8 |
|a Uzdravení bez léků
|
| 260 |
|
|
|a V Praze :
|b Rybka,
|c 2011
|
| 300 |
|
|
|a 230 s., [4] s. obr. příl. :
|b il. (některé barev.) ;
|c 22 cm
|
| 504 |
|
|
|a Obsahuje bibliografii a bibliografické odkazy
|
| 650 |
0 |
7 |
|a autoterapie
|7 ph221954
|2 czenas
|
| 650 |
0 |
7 |
|a sebeuzdravování
|7 ph125452
|2 czenas
|
| 650 |
0 |
7 |
|a zvládání stresu
|7 ph135858
|2 czenas
|
| 650 |
0 |
7 |
|a deprese
|7 ph119384
|2 czenas
|
| 650 |
0 |
9 |
|a autotherapy
|2 eczenas
|
| 650 |
0 |
9 |
|a health self-care
|2 eczenas
|
| 650 |
0 |
9 |
|a stress management
|2 eczenas
|
| 650 |
0 |
9 |
|a depression
|2 eczenas
|
| 655 |
|
7 |
|a populárně-naučné publikace
|7 fd131864
|2 czenas
|
| 655 |
|
9 |
|a popular works
|2 eczenas
|
| 700 |
1 |
|
|a Prousková, Hana
|7 jn20010309103
|4 trl
|
| 765 |
0 |
|
|t Guérir
|9 Česky
|
| 856 |
4 |
1 |
|u http://www.digitalniknihovna.cz/mzk/uuid/uuid:48cb8930-026e-11ed-bb38-5ef3fc9bb22f
|y Digitalizovaný dokument
|x NDK
|
| 910 |
2 |
|
|a BOA001
|b 2-1304.800
|
| 990 |
|
|
|a BK
|
| 995 |
|
|
|a 01
|
| 991 |
|
|
|b 201305
|e n
|
| 996 |
6 |
|
|b 2610549035
|c 2-1304.800
|l MZK
|r Sklad / do 1 hodiny
|n 26
|p p.v.
|w 001327391
|u 000010
|a 1
|e BOA001
|j MZK50
|s P
|